[Event "Staufer op 21st"]
[Site "Schwaebisch Gmuend"]
[Date "2009.01.04"]
[Round "7"]
[White "Distler, Carsten"]
[Black "Tscharotschkin, Michael"]
[Result "1/2-1/2"]
[WhiteElo "2052"]
[BlackElo "2263"]
[PlyCount "50"]
[EventDate "2009.01.02"]
[EventType "swiss"]
[EventRounds "9"]
[EventCountry "GER"]
[SourceTitle "CBM 128 Extra"]
[Source "ChessBase"]
[SourceDate "2009.03.05"]
[SourceVersion "2"]
[SourceVersionDate "2009.03.25"]
[SourceQuality "1"]

1. d4 d5 2. Nf3 c6 3. c3 Bf5 4. Bf4 e6 5. Qb3 Qb6 6. Nbd2 Nd7 7. e3 Ngf6 8. h3 h6 9. Be2 c5 10. dxc5 Bxc5 11. Qxb6 Nxb6 12. a4 0-0 13. a5 Nbd7 14. b4 Be7 15. a6 b6 16. Nd4 Bg6 17. Nc6 Rfe8 18. Nxe7+ Rxe7 19. Bd6 Ree8 20. c4 Rac8 21. b5 dxc4 22. Nxc4 Ne4 23. Bb4 Rc7 24. Rd1 Ndc5 25. Ne5 Kh7 1/2-1/2

[Event "Staufer op 21st"]
[Site "Schwaebisch Gmuend"]
[Date "2009.01.03"]
[Round "4"]
[White "Postoev Birkenberg, Alexander"]
[Black "Distler, Carsten"]
[Result "1-0"]
[WhiteElo "2364"]
[BlackElo "2052"]
[PlyCount "65"]
[EventDate "2009.01.02"]
[EventType "swiss"]
[EventRounds "9"]
[EventCountry "GER"]
[SourceTitle "CBM 128 Extra"]
[Source "ChessBase"]
[SourceDate "2009.03.05"]
[SourceVersion "2"]
[SourceVersionDate "2009.03.25"]
[SourceQuality "1"]

1. e4 e6 2. d4 d5 3. Bd3 c5 4. exd5 Qxd5 5. Nc3 Qd8 6. dxc5 Bxc5 7. Ne4 Be7 8. Qg4 g6 9. Qe2 Nc6 10. Nf3 Nf6 11. Ng3 0-0 12. h4 h5 13. c3 Ng4 14. Bg5 Qb6 15. Ne4 f6 16. Bd2 Qxb2 17. 0-0 Qb6 18. c4 f5 19. Neg5 e5 20. c5 Bxc5 21. Bc4+ Kg7 22. Bc3 Re8 23. Rad1 Re7 24. Bd5 Qc7 25. Qc4 Qb6 26. Bxc6 Bxf2+ 27. Kh1 bxc6 28. Nxe5 Nf6 29. Nxc6 Ba6 30. Bxf6+ Kxf6 31. Qc3+ Bd4 32. Rxd4 Re5 33. Rd6+ 1-0

[Event "Hohenloher op 10th"]
[Site "Forchtenberg"]
[Date "2003.06.22"]
[Round "7"]
[White "Distler, Carsten"]
[Black "Weber, Max1111"]
[Result "1/2-1/2"]
[WhiteElo "2108"]
[BlackElo "1838"]
[PlyCount "30"]
[EventDate "2003.06.19"]
[EventType "swiss"]
[EventRounds "7"]
[EventCountry "GER"]
[SourceTitle "EXT 2004"]
[Source "ChessBase"]
[SourceDate "2003.11.25"]
[SourceVersion "1"]
[SourceVersionDate "2003.11.25"]
[SourceQuality "1"]

1. d4 Nf6 2. Bg5 c5 3. dxc5 Na6 4. Bxf6 gxf6 5. c3 Nxc5 6. Nd2 f5 7. e3 d6 8. b4 Ne6 9. Bd3 f4 10. Qf3 fxe3 11. fxe3 Qc7 12. Ne2 h5 13. h4 Bd7 14. Bc4 0-0-0 15. 0-0 Bh6 1/2-1/2

[Event "Hohenloher op 10th"]
[Site "Forchtenberg"]
[Date "2003.06.21"]
[Round "5"]
[White "Distler, Carsten"]
[Black "Schobel, Walter"]
[Result "1/2-1/2"]
[WhiteElo "2108"]
[BlackElo "1783"]
[PlyCount "79"]
[EventDate "2003.06.19"]
[EventType "swiss"]
[EventRounds "7"]
[EventCountry "GER"]
[SourceTitle "EXT 2004"]
[Source "ChessBase"]
[SourceDate "2003.11.25"]
[SourceVersion "1"]
[SourceVersionDate "2003.11.25"]
[SourceQuality "1"]

1. d4 f5 2. c4 Nf6 3. Nc3 e6 4. Nf3 d6 5. Qc2 d5 6. cxd5 exd5 7. Bg5 Be7 8. e3 c6 9. Ne5 Ne4 10. Bxe7 Qxe7 11. Nxd5 Qd6 12. Nc3 Be6 13. Bd3 Nxc3 14. Qxc3 0-0 15. f4 Nd7 16. Nxd7 Qxd7 17. 0-0 Qf7 18. b3 Rae8 19. Rad1 Bd5 20. Bc4 Re6 21. Bxd5 cxd5 22. Qc5 Ra6 23. a4 Re8 24. Rf3 Rb6 25. b4 Qd7 26. b5 Rc8 27. Qb4 a6 28. Rb1 axb5 29. axb5 Qe8 30. Qb2 Rc4 31. Rff1 h6 32. Rfc1 Qe4 33. Qa3 Qe8 34. Rb3 Qh5 35. Rbb1 Rg6 36. Rf1 Qg4 37. Rb2 Rb4 38. Rc2 Rc4 39. Rff2 Rb4 40. Rc1 1/2-1/2

[Event "Hohenloher op 10th"]
[Site "Forchtenberg"]
[Date "2003.06.19"]
[Round "2"]
[White "Mutschnik, Illya"]
[Black "Distler, Carsten"]
[Result "1-0"]
[WhiteElo "2371"]
[BlackElo "2108"]
[PlyCount "58"]
[EventDate "2003.06.19"]
[EventType "swiss"]
[EventRounds "7"]
[EventCountry "GER"]
[SourceTitle "EXT 2004"]
[Source "ChessBase"]
[SourceDate "2003.11.25"]
[SourceVersion "1"]
[SourceVersionDate "2003.11.25"]
[SourceQuality "1"]

1. e4 e6 2. d3 d5 3. Nd2 b6 4. Ngf3 c5 5. g3 Bb7 6. Bg2 Nf6 7. 0-0 Be7 8. Re1 0-0 9. e5 Nfd7 10. h4 Nc6 11. Nf1 Re8 12. N1h2 Bf8 13. Bf4 Nd4 14. Ng5 f6 15. exf6 Nxf6 16. c3 Nf5 17. Nxe6 Qd7 18. Nxf8 Rxe1+ 19. Qxe1 Rxf8 20. Nf3 Re8 21. Qd2 Nd6 22. Re1 Rxe1+ 23. Qxe1 Nf7 24. Ng5 Nxg5 25. hxg5 Ne8 26. Bh3 Qd8 27. Qe6+ Kf8 28. Qf5+ Kg8 29. Qe5 Bc8 1-0

[Event "Stuttgart op"]
[Site "Stuttgart"]
[Date "2003.05.30"]
[Round "5.10"]
[White "Kabisch, Thilo"]
[Black "Distler, Carsten"]
[Result "0-1"]
[WhiteElo "2323"]
[BlackElo "2108"]
[PlyCount "76"]
[EventDate "2003.05.29"]
[EventType "swiss"]
[EventRounds "7"]
[EventCountry "GER"]
[SourceTitle "CBM 094 Extra"]
[Source "ChessBase"]
[SourceDate "2003.07.09"]
[SourceVersion "2"]
[SourceVersionDate "2003.07.09"]
[SourceQuality "1"]

1. e4 e6 2. d4 d5 3. e5 c5 4. c3 Qb6 5. Nf3 Nc6 6. a3 a5 7. Bd3 c4 8. Bc2 f6 9. 0-0 Bd7 10. Nbd2 Qc7 11. Re1 Be7 12. a4 fxe5 13. Nxe5 Nxe5 14. dxe5 0-0-0 15. b3 cxb3 16. Nxb3 Nh6 17. Qd4 Rdf8 18. Rb1 Nf7 19. Bd3 Nd8 20. f4 Nc6 21. Qe3 Nb8 22. Nd4 Bc5 23. Bb5 Nc6 24. Qd3 g6 25. Bd2 Rf7 26. Kh1 Re8 27. Rec1 Kd8 28. Be3 b6 29. Bxc6 Bxc6 30. c4 Rd7 31. cxd5 Rxd5 32. Qc4 Ke7 33. h3 Rc8 34. Bf2 Qd7 35. Bh4+ Kf7 36. Nf3 h6 37. Ra1 Rd3 38. Ne1 Rxh3# 0-1

[Event "Stuttgart-chA"]
[Site "Stuttgart"]
[Date "2003.??.??"]
[Round "?"]
[White "Klotz, Hans Dieter"]
[Black "Distler, Carsten"]
[Result "0-1"]
[WhiteElo "1740"]
[BlackElo "2105"]
[PlyCount "116"]
[EventDate "2003.??.??"]
[EventType "swiss"]
[EventRounds "9"]
[EventCountry "GER"]
[SourceTitle "EXT 2007"]
[Source "ChessBase"]
[SourceDate "2006.11.23"]
[SourceVersion "1"]
[SourceVersionDate "2006.11.23"]
[SourceQuality "1"]

1. c4 Nf6 2. g3 e6 3. Bg2 d5 4. cxd5 exd5 5. Nf3 Bd6 6. Nc3 c6 7. a3 a5 8. 0-0 0-0 9. d3 h6 10. Bd2 Re8 11. Re1 Bf5 12. Na4 b5 13. Nc3 Qb6 14. d4 Nbd7 15. e3 Ne4 16. Rc1 Ndf6 17. Nxe4 Nxe4 18. Nh4 Bd7 19. Qe2 Re7 20. Red1 g5 21. Nf3 f5 22. Qd3 Rf8 23. Be1 Kg7 24. Nd2 g4 25. Rc2 h5 26. Rdc1 a4 27. f3 Ng5 28. fxg4 hxg4 29. Nf1 Rfe8 30. Bf2 Ne4 31. Be1 b4 32. Bxb4 Bxb4 33. axb4 Qxb4 34. Bxe4 fxe4 35. Qe2 Rb8 36. Ra1 Rf7 37. Rac1 Rf6 38. Rd2 Rbf8 39. Ra1 Qe7 40. Qg2 Qf7 41. Qe2 Kh6 42. h4 gxh3 43. Nh2 Qg6 44. Qe1 Rg8 45. Nf1 Bg4 46. Rxa4 Bf3 47. Rf2 Bg2 48. Rxf6 Qxf6 49. Nh2 Qd6 50. g4 Kg5 51. Ra7 Qh6 52. Qg3 Qf6 53. Rh7 Kg6 54. Rh5 Ra8 55. Rf5 Ra1+ 56. Kf2 Qe7 57. Qf4 Re1 58. Kg3 Re2 0-1

[Event "Neckar op-B 6th"]
[Site "Deizisau"]
[Date "2002.03.30"]
[Round "4"]
[White "Distler, Carsten"]
[Black "Oparaugo, Thomas"]
[Result "1/2-1/2"]
[WhiteElo "1873"]
[BlackElo "1969"]
[PlyCount "81"]
[EventDate "2002.03.28"]
[EventType "swiss"]
[EventRounds "9"]
[EventCountry "GER"]
[SourceTitle "EXT 2003"]
[Source "ChessBase"]
[SourceDate "2002.11.25"]
[SourceVersion "1"]
[SourceVersionDate "2002.11.25"]
[SourceQuality "1"]

1. d4 Nf6 2. Nf3 d5 3. c3 Bf5 4. Qb3 Qc8 5. Bf4 Nbd7 6. Ne5 e6 7. Nxd7 Nxd7 8. e3 Be7 9. c4 c6 10. Nd2 0-0 11. Rc1 Re8 12. Be2 a5 13. 0-0 a4 14. Qd1 Nf6 15. c5 Nd7 16. Nf3 Bf6 17. Ne5 Bxe5 18. Bxe5 Nxe5 19. dxe5 f6 20. Qd4 Rf8 21. g4 Bg6 22. f4 Be4 23. a3 Qc7 24. h3 fxe5 25. Qxe5 Qxe5 26. fxe5 Rxf1+ 27. Kxf1 Kf7 28. Kf2 Ke7 29. Kg3 Ra5 30. Kf4 Kd7 31. Kg5 Ke7 32. h4 Ra8 33. Kf4 Ra5 34. h5 Ra6 35. Kg3 h6 36. Rc3 Ra5 37. Kh4 Kd7 38. Rc1 Ke7 39. Kg3 Ra8 40. Kh4 Ra5 41. Kg3 1/2-1/2